| 000 | 00427nam a2200157 a 4500 | ||
|---|---|---|---|
| 001 | 000041644 | ||
| 005 | 20201002035701.0 | ||
| 008 | 131015s1990 xxu 000 0 spa d | ||
| 020 | _a0449217620 | ||
| 040 |
_aDO-SdBNP _bspa _cBNPHU |
||
| 041 | 1 | 7 | _aeng |
| 100 | 1 |
_aChesney, Marion _939930 |
|
| 245 | 1 | 0 |
_aThe scandalous lady wright / _cMarion Chesney. |
| 260 |
_aNew York : _bFawcett crest, _c1990. |
||
| 300 |
_a184 p. ; _c18 cm. |
||
| 999 |
_c41134 _d41134 |
||